[Event "European Individual Championship (Women)"]
[Site "Mamaia ROU"]
[Date "2016.06.01"]
[EventDate "2016.05.27"]
[Round "6.37"]
[Result "1-0"]
[White "Filiz Osmanodja"]
[Black "Ekaterini Pavlidou"]
[WhiteElo "2296"]
[BlackElo "2209"]
[PlyCount "75"]

1. e4 e5 2. Nf3 Nc6 3. Bb5 a6 4. Ba4 Nge7 5. c3 g6 6. d4 exd4
7. cxd4 Bg7 8. d5 Na5 9. Bd2 Nc4 10. Bc3 Bxc3+ 11. Nxc3 O-O
12. Bb3 Na5 13. Bc2 d6 14. Qd2 Nc4 15. Qh6 f6 16. h4 Qe8
17. O-O-O Qf7 18. Bb3 b5 19. Bxc4 bxc4 20. Qe3 Bg4 21. Qd4
Rfb8 22. e5 Bxf3 23. e6 Qf8 24. gxf3 c5 25. dxc6 Nxc6 26. Qxc4
Ne5 27. Qd5 Qc8 28. f4 Rb5 29. Qd4 Ng4 30. Kb1 Rb7 31. f3 Nh6
32. Qxf6 Rab8 33. Rd2 Qc5 34. Nd5 Nf5 35. e7 Nd4 36. Qxd4
Rxb2+ 37. Rxb2 Qxd4 38. Rxb8+ 1-0

[Event "European Individual Championship (Women)"]
[Site "Mamaia ROU"]
[Date "2016.06.01"]
[EventDate "2016.05.27"]
[Round "6.15"]
[Result "0-1"]
[White "Adriana Nikolova"]
[Black "Marina Nechaeva"]
[WhiteElo "2331"]
[BlackElo "2416"]
[PlyCount "118"]

1. e4 c6 2. d4 d5 3. e5 Bf5 4. Nf3 e6 5. Be2 c5 6. c3 Bg6
7. Nbd2 Nc6 8. O-O cxd4 9. Nxd4 Nxe5 10. f4 Nc6 11. f5 exf5
12. Bb5 Bc5 13. Nb3 Bb6 14. Kh1 Ne7 15. Bg5 Qd7 16. Bxe7 Kxe7
17. Qf3 Rhd8 18. h4 h5 19. Rae1+ Kf8 20. Nxf5 Qxf5 21. Qxf5
Bxf5 22. Rxf5 g6 23. Rf6 Kg7 24. Ref1 Ne5 25. Nc1 Rf8 26. Nd3
Ng4 27. R6f3 Rad8 28. Re1 d4 29. Re7 dxc3 30. bxc3 Rc8 31. Nf4
Kh6 32. Bd7 Rcd8 33. Nd5 Bc5 34. Rexf7 Rxf7 35. Rxf7 Ne5
36. Rf6 Rxd7 37. c4 Nxc4 38. Nf4 Ne5 39. Re6 Re7 40. Rxe7 Bxe7
41. g3 Kg7 42. Kg2 Kf6 43. Nd5+ Ke6 44. Nc7+ Kf5 45. Nb5 Bc5
46. Nc3 a6 47. a4 Bd4 48. Nd5 b5 49. axb5 axb5 50. Nf4 b4
51. Ne2 Ke4 52. Nc1 Be3 53. Nb3 Kd3 54. Kh3 Kc3 55. Na5 b3
56. Nxb3 Kxb3 57. Kg2 Kc3 58. Kf1 Kd2 59. Kg2 Ke2 0-1

[Event "European Individual Championship (Women)"]
[Site "Mamaia ROU"]
[Date "2016.06.01"]
[EventDate "2016.05.27"]
[Round "6.40"]
[Result "0-1"]
[White "Nurgyul Salimova"]
[Black "Maria Manakova"]
[WhiteElo "2160"]
[BlackElo "2254"]
[PlyCount "96"]

1. d4 e6 2. Nf3 Nf6 3. c4 b6 4. g3 Bb7 5. Bg2 Be7 6. O-O O-O
7. Nc3 Ne4 8. Qc2 Nxc3 9. Qxc3 c5 10. dxc5 Bxc5 11. Be3 Be7
12. Rfd1 Qc7 13. Rac1 d6 14. Qd2 Nd7 15. Bf4 e5 16. Bg5 f6
17. Be3 Rad8 18. Ne1 e4 19. Bh3 f5 20. Ng2 Ne5 21. Nf4 Qd7
22. Nd5 h6 23. Bf4 Qe8 24. Qd4 Bg5 25. Bxg5 hxg5 26. Bg2 Qh5
27. Rc2 g4 28. Nf4 Qh6 29. Qe3 g5 30. Nd5 Rd7 31. f4 exf3
32. exf3 f4 33. gxf4 gxf4 34. Qe4 Rg7 35. Kh1 Rh7 36. h3 gxf3
37. Bf1 Bc8 38. Rh2 Kh8 39. Bd3 Bf5 40. Qd4 Bxd3 41. Rxd3 Qxh3
42. Rd2 Qf1+ 43. Qg1 Qxg1+ 44. Kxg1 Nxc4 45. Rxh7+ Kxh7
46. Rh2+ Kg6 47. Kf2 Ne5 48. Rh1 Kf5 0-1

[Event "European Individual Championship (Women)"]
[Site "Mamaia ROU"]
[Date "2016.06.01"]
[EventDate "2016.05.27"]
[Round "6.50"]
[Result "1-0"]
[White "Miranda Mikadze"]
[Black "Anastasia Sazonova"]
[WhiteElo "2233"]
[BlackElo "2085"]
[PlyCount "143"]

1. e4 e6 2. d4 d5 3. Nc3 Nf6 4. Bd3 dxe4 5. Nxe4 Nbd7 6. Ne2
Be7 7. O-O O-O 8. Nf4 b6 9. Qf3 Rb8 10. Rd1 Bb7 11. c4 c5
12. dxc5 Nxe4 13. Bxe4 Bxe4 14. Qxe4 Nxc5 15. Qc2 Qc7 16. Be3
Rfd8 17. Rac1 Rxd1+ 18. Rxd1 Rd8 19. h3 h6 20. Rxd8+ Qxd8
21. b4 Nb7 22. c5 bxc5 23. bxc5 Qc7 24. Nd3 Nd8 25. Qa4 Nc6
26. a3 a5 27. Qb5 e5 28. a4 Bd8 29. Nb2 Qd7 30. Nc4 Qd5
31. Nd6 Bc7 32. Ne8 Bd8 33. Qe2 Qe6 34. Nd6 Bc7 35. Qd3 Nb4
36. Qb5 Bxd6 37. cxd6 Qxd6 38. Qxa5 Na6 39. Qb5 Qe6 40. a5 f6
41. Bb6 Qc8 42. h4 Qb7 43. h5 Kh7 44. Kh2 Kg8 45. Kg3 Kh7
46. f3 Kh8 47. Kh2 Kh7 48. Qa4 Qc8 49. Qe4+ Kh8 50. Be3 Qe8
51. Qg6 Qe6 52. Kg1 Qe7 53. Qf5 Qd6 54. Bb6 Qc6 55. Qd3 Qb7
56. Qc4 Qa8 57. Qe6 Qb7 58. Kf2 Kh7 59. Ke3 Kh8 60. Kd3 Nb4+
61. Kc4 Na6 62. Qd5 Qc8+ 63. Kb5 Nc7+ 64. Bxc7 Qxc7 65. a6 Qa7
66. Qb7 Qf2 67. a7 Qb2+ 68. Kc6 Qc3+ 69. Kd7 Qd4+ 70. Ke8 Qa4+
71. Kf8 Qa3+ 72. Qe7 1-0

[Event "European Individual Championship (Women)"]
[Site "Mamaia ROU"]
[Date "2016.06.01"]
[EventDate "2016.05.27"]
[Round "6.4"]
[Result "1/2-1/2"]
[White "Anastasia Bodnaruk"]
[Black "Ketevan Arakhamia-Grant"]
[WhiteElo "2475"]
[BlackElo "2364"]
[PlyCount "166"]

1. e4 c5 2. Nf3 Nc6 3. d4 cxd4 4. Nxd4 e5 5. Nb5 d6 6. N1c3 a6
7. Na3 Be7 8. Nc4 b5 9. Ne3 Nf6 10. Bd3 O-O 11. O-O Nb4
12. Be2 Be6 13. Bf3 Rc8 14. g3 Qd7 15. a3 Nc6 16. Ncd5 Bd8
17. c3 Rb8 18. Re1 a5 19. b4 Bxd5 20. Nxd5 Nxd5 21. Qxd5 Ne7
22. Qd3 Bb6 23. Be3 Bxe3 24. Rxe3 Rfc8 25. Rd1 Rc6 26. Qd2 h6
27. Rd3 Rd8 28. Be2 axb4 29. axb4 Ra6 30. Rf3 Rda8 31. Rd3 Rd8
32. f4 exf4 33. gxf4 Qe6 34. Rg3 Qxe4 35. Bxb5 Ra3 36. Bd3 Qe6
37. Re1 Qf6 38. Qe3 Kf8 39. Qe4 g6 40. c4 Nf5 41. Rh3 Qb2
42. Qe2 Qxe2 43. Rxe2 Nd4 44. Re4 Ne6 45. Bf1 Ra4 46. Rxh6 Kg7
47. Rh3 Rxb4 48. Rhe3 Ra8 49. Kf2 Raa4 50. Kf3 Kf6 51. h4 Ng7
52. Rc3 Nf5 53. Re1 Nxh4+ 54. Ke4 Nf5 55. Rd1 Rb8 56. Bh3 Re8+
57. Kf3 Ra6 58. Rcd3 Re6 59. Bxf5 Kxf5 60. Rd5+ Kf6 61. Kg4
Ke7 62. c5 dxc5 63. Rxc5 Kf6 64. Rd7 Rad6 65. Rxd6 Rxd6
66. Rc4 Ra6 67. Rb4 Ra5 68. Rb6+ Kg7 69. Rb7 Ra4 70. Rc7 Re4
71. Ra7 Re1 72. Rb7 Kf6 73. Rb6+ Kg7 74. Rb7 Re3 75. Ra7 Rb3
76. Rc7 Rb5 77. Ra7 Rf5 78. Ra6 Rf6 79. Ra7 Rb6 80. Rc7 Kf6
81. Ra7 Ke6 82. Ra5 Kf6 83. Ra7 Re6 1/2-1/2

[Event "European Individual Championship (Women)"]
[Site "Mamaia ROU"]
[Date "2016.06.01"]
[EventDate "2016.05.27"]
[Round "6.10"]
[Result "1/2-1/2"]
[White "Marina Brunello"]
[Black "Nino Khurtsidze"]
[WhiteElo "2336"]
[BlackElo "2409"]
[PlyCount "158"]

1. e4 c5 2. Nf3 e6 3. d4 cxd4 4. Nxd4 a6 5. Nc3 Qc7 6. Be2 Nf6
7. O-O Be7 8. f4 d6 9. Be3 Nc6 10. Qe1 O-O 11. Qg3 d5 12. e5
Nxd4 13. Bxd4 Bc5 14. Qe3 Nd7 15. Bd3 Bxd4 16. Qxd4 Qc5
17. Ne2 Qxd4+ 18. Nxd4 Nc5 19. Rfd1 Bd7 20. c3 f6 21. exf6
gxf6 22. Bc2 Rae8 23. Nf3 Bc6 24. Re1 Rf7 25. Re3 b6 26. Rae1
Bb7 27. Nd2 Rg7 28. g3 Rge7 29. b4 Nd7 30. Bf5 Kf7 31. Bg4 Nf8
32. Nf3 Ng6 33. Nd4 Bc8 34. Bh5 Kf8 35. Nf3 Bd7 36. Kf2 Rc8
37. h4 Kf7 38. f5 e5 39. Nd4 Ree8 40. fxg6+ hxg6 41. Bf3 exd4
42. Bxd5+ Kf8 43. cxd4 Rxe3 44. Rxe3 Rc2+ 45. Re2 Rc3 46. Bb3
Rd3 47. d5 Rd4 48. a3 a5 49. bxa5 bxa5 50. Re3 a4 51. Bc2 f5
52. Rd3 Rc4 53. Bd1 Ke7 54. d6+ Ke6 55. Bf3 Rc2+ 56. Ke3 Bb5
57. Rd4 Rc3+ 58. Kf4 Rxa3 59. g4 Ra1 60. gxf5+ gxf5 61. h5 Bd7
62. h6 Rb1 63. h7 Rb8 64. Kg5 Kf7 65. Kh6 a3 66. Bd5+ Be6
67. Bxe6+ Kxe6 68. d7 a2 69. d8=Q Rxd8 70. Rxd8 a1=Q 71. h8=Q
Qh1+ 72. Kg6 Qg2+ 73. Kh7 Qh2+ 74. Kg8 Qxh8+ 75. Kxh8 f4
76. Rf8 Ke5 77. Kg7 Ke4 78. Kg6 f3 79. Kg5 Kd5 1/2-1/2

[Event "European Individual Championship (Women)"]
[Site "Mamaia ROU"]
[Date "2016.06.01"]
[EventDate "2016.05.27"]
[Round "6.17"]
[Result "1-0"]
[White "Corina-Isabela Peptan"]
[Black "Daniela Movileanu"]
[WhiteElo "2402"]
[BlackElo "2247"]
[PlyCount "45"]

1. c4 c5 2. Nc3 Nc6 3. e3 Nf6 4. Nf3 g6 5. d4 cxd4 6. exd4 d5
7. cxd5 Nxd5 8. Qb3 e6 9. Bb5 Bg7 10. Bg5 f6 11. Bd2 O-O
12. O-O Nce7 13. Rfe1 Nf5 14. Nxd5 Qxd5 15. Bc4 Qd8 16. Bxe6+
Bxe6 17. Rxe6 Rf7 18. Rae1 Qd7 19. g4 Nd6 20. Bb4 Bf8 21. Rxf6
Qxg4+ 22. Kh1 Bg7 23. Ne5 1-0

[Event "European Individual Championship (Women)"]
[Site "Mamaia ROU"]
[Date "2016.06.01"]
[EventDate "2016.05.27"]
[Round "6.34"]
[Result "1/2-1/2"]
[White "Petra Papp"]
[Black "Alina Balaian"]
[WhiteElo "2342"]
[BlackElo "2230"]
[PlyCount "143"]

1. e4 e6 2. d4 d5 3. Nc3 Bb4 4. e5 c5 5. a3 Bxc3+ 6. bxc3 Ne7
7. Qg4 cxd4 8. Bd3 Qc7 9. Ne2 dxc3 10. Qxg7 Rg8 11. Qxh7 Qxe5
12. h4 Rxg2 13. Bg5 Nbc6 14. Kf1 Rxg5 15. hxg5 Qxg5 16. Qh8+
Kd7 17. f4 Qg8 18. Qf6 d4 19. Be4 Nd5 20. Bxd5 exd5 21. Nxd4
Qg6 22. Qxg6 fxg6 23. Ne2 Kd6 24. Rh8 Rb8 25. Nxc3 Bf5
26. Rxb8 Nxb8 27. Rd1 Bxc2 28. Rxd5+ Kc6 29. Rd2 Bf5 30. Nd5
Kc5 31. Ne7 Nc6 32. Nxf5 gxf5 33. Rd7 b5 34. Rf7 Nd4 35. Rxa7
Ne6 36. Rf7 Nxf4 37. Rxf5+ Nd5 38. Ke2 Kc4 39. Kd2 Ne7 40. Rf3
Nc6 41. Rc3+ Kd5 42. Rc1 b4 43. a4 Nd4 44. Rc8 Nc6 45. Kc2
Nd4+ 46. Kb2 Nc6 47. Kb3 Kc5 48. Rc7 Kb6 49. Rh7 Nd4+ 50. Kxb4
Nc6+ 51. Kb3 Kc5 52. Rh5+ Kb6 53. Rb5+ Ka6 54. Kc4 Na5+
55. Kc5 Nb7+ 56. Kb4 Nd8 57. a5 Nc6+ 58. Ka4 Ne7 59. Rb6+ Ka7
60. Rd6 Nf5 61. Rf6 Nd4 62. Rf4 Ne2 63. Rc4 Ka6 64. Kb4 Ng3
65. Rc6+ Ka7 66. Kb5 Ne4 67. Rc7+ Kb8 68. Re7 Nc3+ 69. Kc6 Ka8
70. Re3 Na4 71. Rb3 Ka7 72. Kb5 1/2-1/2

[Event "European Individual Championship (Women)"]
[Site "Mamaia ROU"]
[Date "2016.06.03"]
[EventDate "2016.05.27"]
[Round "7.23"]
[Result "1-0"]
[White "Szidonia Lazarne Vajda"]
[Black "Angela Dragomirescu"]
[WhiteElo "2345"]
[BlackElo "2215"]
[PlyCount "92"]

1. d4 d5 2. c4 c6 3. Nf3 Nf6 4. Qb3 g6 5. Nc3 Bg7 6. cxd5 cxd5
7. Bg5 e6 8. Rc1 O-O 9. e3 Nc6 10. Ne5 Na5 11. Qa4 h6 12. Bh4
g5 13. Bg3 Nh5 14. Be2 Nxg3 15. hxg3 Bxe5 16. dxe5 Kg7 17. Qg4
Nc6 18. f4 f5 19. Qh5 Rh8 20. Nb5 Bd7 21. Nd6 Qe7 22. g4 Be8
23. Qh3 Bg6 24. gxf5 Bxf5 25. Qxf5 exf5 26. Nxf5+ Kf7 27. Nxe7
Kxe7 28. Bb5 gxf4 29. exf4 Rag8 30. Kf2 Rg4 31. g3 Rhg8
32. Rh3 Nd4 33. Rc7+ Kd8 34. Rd7+ Kc8 35. Rxd5 Nxb5 36. Rxb5
h5 37. Rc5+ Kd7 38. Rc3 h4 39. Rxh4 Rxh4 40. gxh4 Rg4 41. Kf3
Rxh4 42. Rd3+ Ke7 43. Rb3 b6 44. Ra3 Rh2 45. Rxa7+ Ke6 46. b3
Kd5 1-0

[Event "European Individual Championship (Women)"]
[Site "Mamaia ROU"]
[Date "2016.06.03"]
[EventDate "2016.05.27"]
[Round "7.29"]
[Result "1/2-1/2"]
[White "Lisa Hapala"]
[Black "Adriana Nikolova"]
[WhiteElo "2227"]
[BlackElo "2331"]
[PlyCount "197"]

1. e4 d5 2. exd5 Qxd5 3. Nc3 Qd8 4. d4 Nf6 5. Nf3 a6 6. g3 b5
7. Bg2 Bb7 8. O-O e6 9. Re1 Be7 10. Ne5 Nd5 11. Ne4 Nd7
12. Qg4 Nxe5 13. dxe5 g6 14. Bh6 Qd7 15. a4 c6 16. axb5 cxb5
17. Bg7 Rg8 18. Bf6 Bxf6 19. Nxf6+ Nxf6 20. exf6 Bxg2 21. Kxg2
O-O-O 22. Kg1 Kb7 23. c4 Qc6 24. cxb5 Qxb5 25. Re4 Ka7 26. Qf4
Rb8 27. Rxa6+ Kxa6 28. Ra4+ Kb6 29. Qd6+ Kb7 30. Rb4 Qxb4
31. Qxb4+ Kc6 32. Qc4+ Kd6 33. b4 Rgc8 34. Qd4+ Kc7 35. Qc5+
Kb7 36. Qb5+ Kc7 37. Qa5+ Rb6 38. Qa7+ Rb7 39. Qc5+ Kb8
40. Qd6+ Ka7 41. b5 Rc1+ 42. Kg2 Rb1 43. Qd4+ Kb8 44. Qf4+ Ka7
45. Qe3+ Ka8 46. Qh6 R1xb5 47. Qxh7 Rf5 48. g4 Rf4 49. Kg3 e5
50. Qg8+ Ka7 51. Qd8 Rb3+ 52. Kh4 Rb6 53. Qe7+ Ka6 54. Qxf7
Rbxf6 55. Qa2+ Kb7 56. Qb2+ Rb6 57. Qxe5 Rxf2 58. Qe4+ Ka6
59. h3 Rff6 60. Kg5 Rfe6 61. Qa4+ Kb7 62. Qd7+ Ka6 63. h4 Rb5+
64. Kh6 Rbb6 65. Qd3+ Ka7 66. g5 Red6 67. Qa3+ Kb8 68. h5
gxh5+ 69. Kxh5 Kb7 70. Kg4 Rd4+ 71. Kf5 Rd5+ 72. Ke4 Rdd6
73. Ke5 Rdc6 74. Qa5 Rb2 75. Qd5 Re2+ 76. Kf4 Re6 77. Kf5 Rd6
78. Qa5 Ra6 79. Qb4+ Rab6 80. Qe4+ Ka6 81. Qa8+ Kb5 82. Qe8+
Kc4 83. Qf7+ Kd3 84. Ke5 Rg6 85. Qd5+ Kc3 86. Qd4+ Kb3
87. Qd3+ Kb4 88. Kf5 Rgd6 89. Qe4+ Kc3 90. Qf3+ Rd3 91. Qf4
Rd5+ 92. Kg4 Rd4 93. Qxd4+ Kxd4 94. Kf5 Rb5+ 95. Kf6 Ke4
96. g6 Rb6+ 97. Kf7 Kf5 98. g7 Rb7+ 99. Kg8 1/2-1/2

[Event "European Individual Championship (Women)"]
[Site "Mamaia ROU"]
[Date "2016.06.04"]
[EventDate "2016.05.27"]
[Round "8.35"]
[Result "1/2-1/2"]
[White "Aydan Hojjatova"]
[Black "Irina Ionescu Brandis"]
[WhiteElo "2300"]
[BlackElo "2181"]
[PlyCount "125"]

1. e4 d6 2. d4 Nf6 3. Nc3 e5 4. dxe5 dxe5 5. Qxd8+ Kxd8 6. Nf3
Bd6 7. Bg5 Be6 8. O-O-O Nd7 9. Bb5 Kc8 10. Nh4 Ng4 11. Rdf1 h6
12. Bd2 Bc5 13. Be1 c6 14. Be2 Ngf6 15. Bd2 g5 16. Nf3 b5
17. Bd3 Kb7 18. Kb1 a6 19. Nd1 Bd6 20. Re1 c5 21. c3 c4
22. Bc2 Nc5 23. Bc1 a5 24. Nd2 b4 25. Ka1 b3 26. Bb1 bxa2
27. Kxa2 a4 28. Ne3 Nb3 29. Bc2 a3 30. Ndxc4 Nxc1+ 31. Rxc1
axb2+ 32. Kxb2 Kc7 33. Rcd1 Bc5 34. Rb1 Ng4 35. Nxg4 Bxc4
36. Bb3 Rhb8 37. Kc2 Bxb3+ 38. Rxb3 Ra2+ 39. Kb1 Rba8 40. Rc1
Re2 41. Nxe5 Rxe4 42. Nd3 Bd6 43. Rc2 Bxh2 44. Rcb2 Ra7 45. g3
h5 46. Rb5 h4 47. Rc5+ Kd6 48. Rxg5 hxg3 49. fxg3 Bg1 50. Rbb5
Ke7 51. Rge5+ Rxe5 52. Rxe5+ Kd6 53. Re1 Bb6 54. Rh1 Kd5
55. Rh4 f6 56. c4+ Kc6 57. Rf4 Bd8 58. Rf5 Rg7 59. Nb4+ Kb7
60. Rf3 Rg4 61. Nd5 Rxc4 62. Nxf6 Kc6 63. g4 1/2-1/2

[Event "European Individual Championship (Women)"]
[Site "Mamaia ROU"]
[Date "2016.06.04"]
[EventDate "2016.05.27"]
[Round "8.45"]
[Result "0-1"]
[White "Tsveta Galunova"]
[Black "Dina Belenkaya"]
[WhiteElo "2149"]
[BlackElo "2289"]
[PlyCount "74"]

1. Nf3 d5 2. c4 dxc4 3. e4 c5 4. Bxc4 Nc6 5. Nc3 e6 6. O-O a6
7. a4 Bd6 8. Re1 Qc7 9. h3 Ne5 10. Nxe5 Bxe5 11. Ne2 Ne7
12. d3 Ng6 13. Qd2 Bd7 14. f4 Bf6 15. Qc2 O-O 16. a5 Bb5
17. e5 Be7 18. Bd2 Nh4 19. Ng3 Rfd8 20. Bc3 Bc6 21. Re2 Bd5
22. Rf2 Nf5 23. Nxf5 exf5 24. Rd2 Rd7 25. Kh2 Rad8 26. Rad1
Qc6 27. Qb1 Qh6 28. g3 Bf3 29. Rg1 g5 30. Rf2 g4 31. Qf1 Bc6
32. Re2 Rxd3 33. Bxd3 Rxd3 34. Rf2 c4 35. Rd2 Rf3 36. Qg2 Rxc3
37. bxc3 Bxg2 0-1

[Event "European Individual Championship (Women)"]
[Site "Mamaia ROU"]
[Date "2016.06.04"]
[EventDate "2016.05.27"]
[Round "8.37"]
[Result "0-1"]
[White "Lanita Stetsko"]
[Black "Elmira Mirzoeva"]
[WhiteElo "2220"]
[BlackElo "2344"]
[PlyCount "103"]

1. e4 c6 2. Nc3 d5 3. Nf3 Bg4 4. h3 Bxf3 5. Qxf3 Nf6 6. d4
dxe4 7. Qe3 Nbd7 8. Nxe4 Nxe4 9. Qxe4 Nf6 10. Qh4 Qd5 11. c4
Qe4+ 12. Qxe4 Nxe4 13. Bd3 Nf6 14. Be3 e6 15. g4 Bd6 16. O-O-O
O-O 17. f3 Rab8 18. Kb1 b5 19. c5 Bc7 20. Bc1 Rbd8 21. Bg5 Rc8
22. f4 Nd5 23. f5 g6 24. Rhf1 Bd8 25. Bh6 Re8 26. Rf3 exf5
27. gxf5 Bf6 28. Rdf1 Bxd4 29. fxg6 fxg6 30. Rf7 Re1+ 31. Rxe1
Kxf7 32. Rd1 Be3 33. Rf1+ Kg8 34. Bxe3 Nxe3 35. Rf6 Rd8
36. Bc2 Rf8 37. Rxf8+ Kxf8 38. Be4 Nd5 39. Bxd5 cxd5 40. Kc2
Ke7 41. Kc3 a5 42. Kd4 Ke6 43. c6 Kd6 44. c7 Kxc7 45. Kxd5 Kd7
46. Kc5 g5 47. Kd5 h6 48. b3 b4 49. Ke5 Ke7 50. Kf5 Kf7
51. Ke5 Kg6 52. Kd4 0-1

[Event "European Individual Championship (Women)"]
[Site "Mamaia ROU"]
[Date "2016.06.04"]
[EventDate "2016.05.27"]
[Round "8.10"]
[Result "1-0"]
[White "Jolanta Zawadzka"]
[Black "Irina Bulmaga"]
[WhiteElo "2442"]
[BlackElo "2360"]
[PlyCount "157"]

1. e4 c5 2. Nf3 d6 3. Bb5+ Nd7 4. d4 cxd4 5. Qxd4 a6 6. Bxd7+
Bxd7 7. Nc3 Nf6 8. Bg5 e6 9. e5 dxe5 10. Nxe5 Be7 11. O-O-O
Bc6 12. Nxc6 bxc6 13. Bxf6 Bxf6 14. Qc5 Qc7 15. Ne4 Qf4+
16. Nd2 Rc8 17. Rhe1 Be7 18. Qa7 Bf6 19. Re4 Qxh2 20. Qxa6 O-O
21. Qf1 Rb8 22. Nc4 Rb5 23. b3 Rd5 24. Ne3 Rxd1+ 25. Qxd1 Rd8
26. Qe1 Qc7 27. g3 h5 28. Nc4 Qe7 29. f3 g5 30. a4 Qc5 31. Kb1
h4 32. gxh4 gxh4 33. Ka2 Rd5 34. Rg4+ Kf8 35. Qc1 Qf2 36. Rg1
Qxf3 37. Qh6+ Ke7 38. Rg8 Bc3 39. Qf8+ Kf6 40. Qh6+ Ke7
41. Qxh4+ Qf6 42. Qg3 Be5 43. Nxe5 Rxe5 44. Qc3 Qf5 45. Qxc6
Rc5 46. Qe8+ Kd6 47. Qd8+ Kc6 48. Qa8+ Kd7 49. Qa7+ Rc7
50. Qd4+ Kc6 51. Kb2 Qc5 52. Qe4+ Qd5 53. Qe2 Kd7 54. Rg3 Ke7
55. Rd3 Qc5 56. Qd2 Qe5+ 57. c3 Rc5 58. Rd7+ Kf8 59. Qd4 Qh2+
60. Ka3 Re5 61. b4 Qe2 62. Qh4 Kg7 63. Qg3+ Kf6 64. Qf4+ Rf5
65. Qh6+ Ke5 66. Qg7+ Ke4 67. Rd4+ Kf3 68. Qg4+ Kf2 69. Qh4+
Kf3 70. Qh3+ Kf2 71. Qh2+ Kf3 72. Qxe2+ Kxe2 73. a5 Rf1
74. Kb2 f5 75. a6 Rh1 76. a7 Rh8 77. b5 e5 78. Rd5 Re8 79. b6
1-0

[Event "European Individual Championship (Women)"]
[Site "Mamaia ROU"]
[Date "2016.06.04"]
[EventDate "2016.05.27"]
[Round "8.16"]
[Result "1/2-1/2"]
[White "Meri Arabidze"]
[Black "Maria Kursova"]
[WhiteElo "2363"]
[BlackElo "2319"]
[PlyCount "204"]

1. d4 Nf6 2. Bg5 e6 3. e4 h6 4. Bxf6 Qxf6 5. c3 d5 6. Bd3 dxe4
7. Bxe4 Nd7 8. Nf3 c5 9. O-O Be7 10. Na3 O-O 11. Nc4 Qf4
12. Bc2 Qc7 13. Qd3 Nf6 14. Nce5 Rd8 15. g4 cxd4 16. cxd4 Bd7
17. Rfc1 Qb6 18. h4 Bb5 19. Qe3 Be8 20. g5 Nd5 21. Qd3 g6
22. gxh6 Bf8 23. h7+ Kxh7 24. h5 Nf4 25. hxg6+ fxg6 26. Qe4
Bh6 27. Kh2 Bc6 28. Nxc6 Qxc6 29. Qxc6 bxc6 30. Be4 Rac8
31. Rxc6 Rxc6 32. Bxc6 Nd3 33. Kg2 Nxb2 34. Rb1 Rc8 35. Rxb2
Rxc6 36. Rb7+ Bg7 37. Rxa7 Kh6 38. Ra4 Bf6 39. Kg3 g5 40. Nd2
Rc3+ 41. Kg4 Kg6 42. Nf3 Rc2 43. Kg3 Rc3 44. Ra5 Bxd4
45. Rxg5+ Kf6 46. Rb5 Bxf2+ 47. Kxf2 Rc2+ 48. Ke3 Rxa2 49. Nd4
Ra1 50. Rb6 Re1+ 51. Kf4 Rf1+ 52. Nf3 Ra1 53. Ke4 Rd1 54. Rb2
Ra1 55. Rf2 Ra4+ 56. Nd4+ Ke7 57. Rh2 Ra1 58. Re2 Rh1 59. Kd3
Kd6 60. Nxe6 Rd1+ 61. Kc2 Ra1 62. Kb2 Rd1 63. Ng5 Rh1 64. Kc3
Rh4 65. Rd2+ Kc6 66. Ne6 Rg4 67. Rd8 Rh4 68. Kd3 Rg4 69. Ke3
Rh4 70. Rg8 Kd6 71. Nf4 Rh1 72. Kd4 Rd1+ 73. Nd3 Rd2 74. Rg6+
Ke7 75. Ke4 Re2+ 76. Kf5 Rh2 77. Nf4 Rh1 78. Nd5+ Kd7 79. Ne3
Rh5+ 80. Ke4 Rh1 81. Ra6 Re1 82. Kd4 Re2 83. Nf5 Rb2 84. Kc5
Rb1 85. Nd4 Ke7 86. Kd5 Rd1 87. Rb6 Kf7 88. Ke5 Re1+ 89. Kf4
Rf1+ 90. Nf3 Ke7 91. Ke4 Rf2 92. Nd4 Rf1 93. Nf5+ Kd7 94. Ke5
Rh1 95. Rd6+ Kc7 96. Rd3 Rh5 97. Ke6 Kc6 98. Rc3+ Kb5 99. Ke5
Kb4 100. Rc8 Kb5 101. Ke4 Kb4 102. Ne3 Rh4+ 1/2-1/2

[Event "European Individual Championship (Women)"]
[Site "Mamaia ROU"]
[Date "2016.06.04"]
[EventDate "2016.05.27"]
[Round "8.21"]
[Result "0-1"]
[White "Filiz Osmanodja"]
[Black "Daria Charochkina"]
[WhiteElo "2296"]
[BlackElo "2362"]
[PlyCount "174"]

1. e4 c5 2. Nf3 d6 3. d4 cxd4 4. Nxd4 Nf6 5. Nc3 a6 6. Be3 e6
7. Be2 Qc7 8. a4 Nc6 9. O-O Be7 10. f4 O-O 11. Kh1 Na5 12. Qe1
Bd7 13. Qg3 Nc4 14. Bc1 Rac8 15. b3 e5 16. bxc4 exd4 17. Nd5
Nxd5 18. exd5 b5 19. f5 Bf6 20. Bf4 Rfe8 21. Bxd6 Qb7 22. Bf3
Rxc4 23. axb5 Bxb5 24. Rfe1 Rxc2 25. Rxe8+ Bxe8 26. Be5 Bxe5
27. Qxe5 Qc8 28. Re1 Rc1 29. Bd1 Bd7 30. f6 h6 31. Qxd4 Qc3
32. Qxc3 Rxc3 33. Kg1 gxf6 34. Re7 Bb5 35. Bh5 Rc1+ 36. Kf2
Rc2+ 37. Kg3 Bf1 38. Re8+ Kg7 39. Bf3 Rd2 40. Ra8 Bb5 41. Ra7
f5 42. Rb7 Rd4 43. Rb6 Bd3 44. Kf2 f4 45. Be2 Be4 46. Bf3 f5
47. Rxa6 Rd2+ 48. Ke1 Rxd5 49. Ra4 Kf6 50. Ra6+ Kg5 51. h4+
Kxh4 52. Rxh6+ Kg5 53. Rh8 Ra5 54. Rg8+ Kf6 55. Re8 Ra1+
56. Kf2 Ra2+ 57. Kg1 Ra1+ 58. Kh2 Re1 59. Rb8 Re3 60. Rb6+ Kg5
61. Bd1 Rd3 62. Bc2 Rd2 63. Bxe4 fxe4 64. Kg1 Rd1+ 65. Kf2 e3+
66. Ke2 Rd2+ 67. Kf1 Kf5 68. Rb8 Ke4 69. Re8+ Kd3 70. Rd8+ Kc2
71. Ra8 Rd1+ 72. Ke2 Rd2+ 73. Ke1 Kc3 74. Rc8+ Kb4 75. Rb8+
Ka3 76. Ra8+ Kb2 77. Ra4 Rf2 78. Rc4 Kb3 79. Re4 Kc3 80. Ra4
Rxg2 81. Rxf4 Kd3 82. Kf1 Ra2 83. Rf8 Ra1+ 84. Kg2 e2 85. Rd8+
Kc4 86. Rc8+ Kb5 87. Rb8+ Kc6 0-1

[Event "European Individual Championship (Women)"]
[Site "Mamaia ROU"]
[Date "2016.06.04"]
[EventDate "2016.05.27"]
[Round "8.40"]
[Result "1/2-1/2"]
[White "Evgeniya Doluhanova"]
[Black "Nurgyul Salimova"]
[WhiteElo "2262"]
[BlackElo "2160"]
[PlyCount "218"]

1. e4 c6 2. d4 d5 3. Nc3 dxe4 4. Nxe4 h6 5. Nf3 Bf5 6. Bd3 e6
7. Bf4 Bxe4 8. Bxe4 Nf6 9. Bd3 Bd6 10. Ne5 Qc7 11. Qe2 Nbd7
12. Bg3 O-O 13. O-O-O a5 14. h4 a4 15. a3 b5 16. c3 Rab8
17. Rh3 Nd5 18. Nxd7 Qxd7 19. Be5 f6 20. Bxd6 Qxd6 21. Rg3 Nf4
22. Qg4 Nxd3+ 23. Rdxd3 Rb7 24. Rdf3 Qd5 25. Qf4 Kh7 26. Re3
Re7 27. Rgf3 Rd8 28. g4 c5 29. Rd3 cxd4 30. Rxd4 Qa8 31. Rxd8
Qxd8 32. Qe4+ Kh8 33. Rd3 Rd7 34. Rxd7 Qxd7 35. Qa8+ Kh7
36. Qe4+ Kh8 37. Kc2 Qa7 38. Qe2 Qc5 39. h5 e5 40. Qd2 Qc6
41. Qd8+ Kh7 42. Qd3+ Kh8 43. f3 Qc5 44. Qe2 Qd5 45. Qe4 Qc5
46. Kd3 Qf2 47. Qe2 Qc5 48. Qe3 Qc4+ 49. Kd2 Qb3 50. Kc1 Qc4
51. Qe4 Qf1+ 52. Kd2 Qf2+ 53. Qe2 Qc5 54. Qe3 Qd5+ 55. Qd3 Qc5
56. Qd8+ Kh7 57. Ke2 Qc6 58. Qd3+ Kh8 59. Ke3 Qb6+ 60. Ke4
Qb7+ 61. Qd5 Qa6 62. Qd8+ Kh7 63. Qd7 Qb6 64. Qd5 Qa6 65. Kd3
Qb6 66. c4 bxc4+ 67. Qxc4 Qxb2 68. Qxa4 Qb1+ 69. Qc2 Qf1+
70. Ke3+ Kh8 71. Qc3 Qg1+ 72. Ke4 Qb1+ 73. Kd5 Qb5+ 74. Ke6
Qa6+ 75. Kf5 Qa8 76. Qd3 Qc8+ 77. Ke4 Qc1 78. Qd8+ Kh7 79. Qd3
Kh8 80. Qb3 Qc5 81. Kd3 Qd4+ 82. Ke2 Qg1 83. Qe3 Qb1 84. Kf2
Qb2+ 85. Kg3 Qa1 86. Kg2 Qb2+ 87. Kf1 Qa1+ 88. Kg2 Qb2+
89. Kh3 Qb1 90. Qc5 Qh1+ 91. Kg3 Qe1+ 92. Kg2 Qd2+ 93. Qf2 Qd3
94. a4 e4 95. a5 exf3+ 96. Qxf3 Qd2+ 97. Kh3 Qxa5 98. Qc6 Qa3+
99. Kh4 Qe3 100. Qc8+ Kh7 101. Qf5+ Kg8 102. Qd5+ Kh8
103. Qd8+ Kh7 104. Qd7 Qf2+ 105. Kh3 Qf3+ 106. Kh4 Qf2+
107. Kh3 Qf3+ 108. Kh4 Qf2+ 109. Kh3 Qf3+ 1/2-1/2

[Event "European Individual Championship (Women)"]
[Site "Mamaia ROU"]
[Date "2016.06.05"]
[EventDate "2016.05.27"]
[Round "9.55"]
[Result "1-0"]
[White "Meri Grigoryan"]
[Black "Aureliana-Eugenia Pancu"]
[WhiteElo "2016"]
[BlackElo "1841"]
[PlyCount "73"]

1. d4 Nf6 2. Bf4 g6 3. Nc3 Bg7 4. Qd2 h6 5. e4 d5 6. e5 Ng8
7. Nf3 c6 8. Bd3 e6 9. h4 Nd7 10. g4 Qa5 11. a3 Bf8 12. O-O
Be7 13. b4 Qd8 14. Bg3 Kf8 15. Ne2 g5 16. h5 Kg7 17. Nh2 f6
18. f4 Nf8 19. fxg5 hxg5 20. exf6+ Bxf6 21. Rxf6 Nxf6
22. Qxg5+ Kf7 23. Be5 Rg8 24. Qf4 Nd7 25. Rf1 Qe7 26. Bd6 Qd8
27. Bg6+ Rxg6 28. hxg6+ Kxg6 29. g5 Qg8 30. gxf6 Kf7+ 31. Kh1
Qg6 32. Ng4 e5 33. dxe5 Qh5+ 34. Kg1 Qg6 35. Ng3 Nf8 36. Nh6+
Ke8 37. f7+ 1-0